| 000 | 01332cad a22002535a 4500 | ||
|---|---|---|---|
| 001 | L158188 | ||
| 008 | 141009s2014 xxk f 000 0 eng d | ||
| 035 | _a(Sirsi) u158188 | ||
| 041 | 0 | _aeng | |
| 110 | 2 | _aWWF-UK | |
| 245 | 0 | 0 |
_aLiving Planet Report 2014 _bSpecies and spaces, people and places _h[electronic resource] |
| 260 |
_aLondon _WWF _c2014 |
||
| 520 | _aLatest Living Planet Report warns that many species on our planet are facing a difficult future with the Living Planet Index which measures more than 10 000 representative populations of mammals, birds, reptiles, amphibians and fish, has declined by 52% since 1970. The report argues that the leading cause of this decline is the unsustainable hunting and fishing, habitat degradation and loss and climate change and urges the upcoming generation to build a future where people can live and prosper in harmony with nature. | ||
| 590 | _aKA | ||
| 650 | 2 | 4 |
_aLand use _96251 |
| 650 | 2 | 4 |
_aInfrastructure _96246 |
| 651 | 4 | _aInternational | |
| 690 |
_aSustainability _96271 |
||
| 710 | 1 | _aZoological Society of London | |
| 710 | 1 | _aWater Footprint Network | |
| 710 | 1 | _aGlobal Footprint Network | |
| 856 | 4 | 0 |
_uhttps://assets.wwf.org.uk/downloads/living_planet_report_2014.pdf?_ga=1.86679384.115380641.1412851555 _zTo view a copy of the full report |
| 942 | _n0 | ||
| 999 |
_c115190 _d115190 |
||